000
00267 a2200109 4500
001
155498
040
_c
Escola São Tomás de Aquino
240
1
0
_a
Tex
_l
por
245
1
0
_a
Tex
697
_a
Caricaturas, desenho animado, cômico, fotonovelas / Quadrinhos
942
_c
BK
999
_c
155498
_d
155498